Pracovisko semi-fyzikálnych modelov vozidiel

Saved in:
Bibliographic Details
Main Author: Bélai, Igor (Author, Thesis advisor)
Format: Manuscript Book
Language:Slovak
Published: Bratislava : STU v Bratislave FEI, 2022
Subjects:
Online Access:https://opac.crzp.sk/?fn=detailBiblioForm&sid=7E432E204D1F6C32995D883802D8&seo=CRZP-detail-kniha
Tags: Add Tag
No Tags, Be the first to tag this record!

MARC

LEADER 00000ntm a22000003a 4500
001 stuzp85788
003 SK-STU
005 20221205111142.3
007 ta
008 150427s2015----xo-----f-mn---000-0-slo-d
040 |a STU  |b slo 
041 0 |a slo 
044 |a xo 
100 1 |a Bélai, Igor  |u 030400  |4 aut  |U FEI Fakulta elektrotechniky a informatiky  |T FEI Ústav automobilovej mechatroniky  |X 92419  |U E400  |Y 642  |7 92419 
242 0 1 |a Workplace of semi-physical vehicle models  |y eng 
245 1 0 |a Pracovisko semi-fyzikálnych modelov vozidiel 
260 |a Bratislava :  |b STU v Bratislave FEI,  |c 2022 
300 |a 98 s., príl. 
650 4 |a frekvenčný menič  |2 slo 
650 4 |a programovateľný logický automat  |2 slo 
650 4 |a synchrónny motor s permanentnými magnetmi  |2 slo 
650 4 |a regulačný obvod  |2 slo 
650 4 |a regulátor rýchlosti  |2 slo 
650 4 |a servopohon  |2 slo 
650 4 |a speed controller  |2 eng 
650 4 |a permanent magnet synchronous motor  |2 eng 
650 4 |a frequency inverter  |2 eng 
650 4 |a programable logic controller  |2 eng 
650 4 |a control loop  |2 eng 
650 4 |a servo drive  |2 eng 
700 1 |a Bélai, Igor  |u 030400  |k Z1  |4 ths  |U FEI Fakulta elektrotechniky a informatiky  |T FEI Ústav automobilovej mechatroniky  |X 4947  |U E400  |Y 642  |7 A000004947 
856 4 |u https://opac.crzp.sk/?fn=detailBiblioForm&sid=7E432E204D1F6C32995D883802D8&seo=CRZP-detail-kniha